000 00539 a2200181 4500
999 _c3737
_d3737
020 _a0321536150
050 _aQA 41.2 MAD 2009
100 _aMadigan, Michael T.
_eauthor
245 _aBiology of microorgsnisms
_cMichael T Madigani et al
264 _aBoston :
_bPearson
_c2009
300 _axxviii, 1061p. :
_bill. (col.)
500 _aIncludes index
650 _aMicrobiology
700 _aMartinko, John M.
_eauthor
700 _aDunlap, Paul V.
_eauthor
700 _aClark, David P.
_eauthor
942 _2lcc
_cBK
_e12th
_h41.2
_iMAD
_kQA